Компьютерное моделирование электромагнитных процессов в искусственной формирующей линии; Современные проблемы машиностроения

Detaylı Bibliyografya
Parent link:Современные проблемы машиностроения.— 2008.— С. 329-334
Yazar: Князьков А. Ф. Анатолий Фёдорович
Diğer Yazarlar: Бирюкова О. С. Ольга Сергеевна
Dil:Rusça
Baskı/Yayın Bilgisi: 2008
Konular:
Materyal Türü: MixedMaterials Kitap Bölümü
KOHA link:https://koha.lib.tpu.ru/cgi-bin/koha/opac-detail.pl?biblionumber=157934

MARC

LEADER 00000naa2a2200000 4500
001 157934
005 20240201130751.0
035 |a (RuTPU)RU\TPU\book\171307 
090 |a 157934 
100 |a 20090415d2008 k y0rusy50 ca 
101 0 |a rus 
102 |a RU 
200 1 |a Компьютерное моделирование электромагнитных процессов в искусственной формирующей линии  |f А. Ф. Князьков, О. С. Бирюкова 
320 |a Библиогр.: 10 назв. 
463 0 |0 (RuTPU)RU\TPU\book\164780  |t Современные проблемы машиностроения  |o труды IV Международной научно-технической конференции, 26-28 ноября 2008 г., Томск  |f Томский политехнический университет (ТПУ)  |v С. 329-334  |d 2008  |p 666 с. 
610 1 |a электромагнитные процессы 
610 1 |a компьютерное моделирование 
610 1 |a сварка 
610 1 |a неразъёмные соединения 
610 1 |a сварные швы 
610 1 |a динамический режим 
610 1 |a сварка дуговая горящая 
610 1 |a импульсные устройства 
610 1 |a импульсы тока 
610 1 |a диаграммы 
610 1 |a труды учёных ТПУ 
700 1 |a Князьков  |b А. Ф.  |c специалист в области сварки  |c доцент Института неразрушающего контроля Томского политехнического университета  |c доцент Юргинского технологического института (филиала) Томского политехнического университета  |f 1939-  |g Анатолий Фёдорович  |3 (RuTPU)RU\TPU\pers\27411 
701 1 |a Бирюкова  |b О. С.  |c физик  |c инженер Томского политехнического университета, ассистент  |f 1983-  |g Ольга Сергеевна  |3 (RuTPU)RU\TPU\pers\28614  |9 13430 
801 1 |a RU  |b 63413507  |c 20090415  |g PSBO 
801 2 |a RU  |b 63413507  |c 20150615  |g RCR 
942 |c BK